The theatre according to the natyasastra of bharata (Record no. 10622)

MARC details
000 -LEADER
fixed length control field 00536cam a2200205ua 4500
001 - CONTROL NUMBER
control field 11840
005 - DATE AND TIME OF LATEST TRANSACTION
control field 20260515114815.0
008 - FIXED-LENGTH DATA ELEMENTS--GENERAL INFORMATION
fixed length control field 191111n ii |||gr||||Z||||||eng
020 ## - INTERNATIONAL STANDARD BOOK NUMBER
International Standard Book Number 8185475814
040 ## - CATALOGING SOURCE
Transcribing agency MAIN
082 ## - DEWEY DECIMAL CLASSIFICATION NUMBER
Classification number 792.0250954
100 ## - MAIN ENTRY--PERSONAL NAME
Personal name R.P. Kulkarni,
Relator term Author.
245 ## - TITLE STATEMENT
Title The theatre according to the natyasastra of bharata
Statement of responsibility, etc. By R.P. Kulkarni
250 ## - EDITION STATEMENT
Edition statement 1st ed.
260 ## - PUBLICATION, DISTRIBUTION, ETC.
Place of publication, distribution, etc. New Delhi:
Name of publisher, distributor, etc. Kanishka Publishers,
Date of publication, distribution, etc. 2008.
300 ## - PHYSICAL DESCRIPTION
Extent 132p.
653 ## - INDEX TERM--UNCONTROLLED
Uncontrolled term Stage presentations
653 ## - INDEX TERM--UNCONTROLLED
Uncontrolled term Theatre
942 ## - ADDED ENTRY ELEMENTS (KOHA)
Koha item type Books
Holdings
Withdrawn status Lost status Damaged status Not for loan Home library Current library Shelving location Date acquired Total checkouts Full call number Barcode Date last seen Copy number Price effective from Koha item type
        Naharkatiya College Library Naharkatiya College Library General stacks 09/19/2020   792.0250954stack | KUL 24851 09/19/2020 1 09/19/2020 Books